MDQL
is popping MORE tags! Check the
thread
!
Quizzes
Events
Quiz Creation
Community
Videos
Private Events
Remove Ads
Sign In
Join for FREE
Feedback
Dark Mode
Quiz Categories
Sports
Geography
Music
Movies
Television
Just For Fun
Miscellaneous
History
Literature
Language
Science
Gaming
Entertainment
Religion
Holiday
For Kids
Quiz Lab
Recent
Popular Today
Quiz Kudos Today
Editor Picks
Curator Picks
Quizzes by...
Day
Popularity
Type
Ratings
Length
Year
Community
Subscriptions
Recent Discussions
Orange Saloon
Badges
Playlists
Quests
Create
Leaderboards
Showdown
Live 5
Trivia Bingo
Activity
Puzzle Library
Sporcle Events
Private Events
Virtual Trivia
Globe League
Become a Host
Pub Owners
SporcleCon
Opinionation
Our Games
Videos
Blog
Mobile Apps
Partnerships
Remove Ads and Go Orange
Feedback
Sports
Athletes
MLB
NBA
NHL
NFL
Soccer
Sports Teams
WWE
NCAA
Football
Premier League
Basketball
Baseball
Hockey
Golf
Tennis
Cricket
Rugby
Auto Racing
Olympics
World Cup
Sports
Athletes
MLB
NBA
NHL
NFL
Soccer
Sports Teams
WWE
NCAA
Football
Premier League
Basketball
Baseball
Hockey
Golf
Tennis
Cricket
Rugby
Auto Racing
Olympics
World Cup
Random Quiz
Search Sporcle
×
Quiz Lab
Quiz Lab
Sports
Italian
Type in answers that appear in a list
Type in answers that appear in a list
Classic
Best Score? Go Orange.
2006 World Cup Winners - Italy Roster Stats
Can you name the All 23 players on the World Cup winning Italian roster in 2006?
By
salvi1113
5m
23 Questions
255 Plays
255 Plays
255 Plays
Comments
Comments
Give Quiz Kudos
Give Quiz Kudos
-
- Ratings
hide this ad
Replay
Link that replays current quiz
Next Quiz
Link to next quiz in quiz playlist
You Got
0%
They Got
Avg Score
66%
Avg Friend Score
Upgrade to see
Score Distribution
Jump to the score distribution portion of the page
Score
0/23
Timer
05:00
0
Plays Today
% Correct
Buffon
98%
Del Piero
89.7%
Pirlo
88.1%
Totti
87.7%
Cannavaro
87%
Toni
80.6%
Grosso
78.3%
Gattuso
77.5%
Zambrotta
76.3%
Materazzi
76.3%
De Rossi
76.3%
Nesta
71.9%
% Correct
Inzaghi
70%
Camoranesi
63.2%
Gilardino
59.7%
Iaquinta
56.5%
Perrotta
50.2%
Barzagli
47.4%
Zaccardo
43.9%
Peruzzi
42.3%
Amelia
41.1%
Oddo
40.7%
Barone
27.7%
Quiz Playlist
Details
Report
Send in Message
Add To Playlist
Classic:
Type in answers that appear in a list
Last Updated: Feb 16, 2017
Quiz Scoreboard
CHALLENGE
Sign Up to Join the Scoreboard
Show All
Scores
Hide
Comments
May contain spoilers
Recently Published
1-10 Letter E Words III
by El_Dandy
Language
2m
Street Fighter Characters
by Artimus82
Gaming
60s
College Basketball Coaching Resumes
by pancakes188
Sports
9m
More to Explore
Quiz From the Vault
Featured Blog Post
Where Did the Easter Bunny Come From?
hide this ad
You Might Also Like...
Tags
Italian Quiz
World Quiz
2006
cup
Italy
Player
Roster
Winner
Winning
Today's Top Quizzes in Sports
Browse Sports
hide this ad
Today's Top Quizzes in Italian
Browse Italian
Top Contributed Quizzes in Sports
1
2022 World Cup Stars
2
Les meilleurs buteurs des matchs entre le PSG et l’OM
3
FIFA Club World Cup Champions
4
Les entraîneurs de l'OM et du PSG au 21e siècle
5
Criteria MLB: Left Handed Sluggers
6
2023 MLB Unique Player Accomplishments
7
AFC Teams Reveal (Wrong Answers Minefield)
8
Players with Multiple 50 Home Run Seasons
9
5-to-1: FBS Animal Nicknames
10
5-to-1: UK Sports Teams
Explore More
Trending Topics
Kpop
NBA
Crossword
Anime
Marvel
Disney
Harry Potter
WWE
Puzzle
Soccer
The Office
NFL
Song
Pokémon
Country
hide this ad
More By:
salvi1113
Quiz
Plays
Rating
Category
Featured
Created
2006 World Cup Winners - Italy Roster
255
3.67
Sports
Dec 13, 2009
Go to Creator's Profile
Score Distribution
Quiz Creator Spotlight
salvi1113
Follow
Send a Message
Quizzes Created
-
Created Quiz Play Count
-
More By This Creator
Popular Quizzes Today
1
Find the US States - No Outlines Minefield
2
Find the Countries of Europe - No Outlines Minefield
3
The Countries of the World
4
Find the US States
5
Risky Map Clicking: Biggest States A-Z
6
US States
7
Popular People in 1961
8
Movies - When Are They Set?
More Sports Quizzes
Colleges with 3+ First Round NBA Draft Picks
Published
Trending Quizzes
Risky Map Clicking: Least Populous States A-Z
1-10 Letter G Words
USA Borders Longest to Shortest
1-10 Letter F Words
Countries of the World: 200 Million BC
Recently Updated
Leaping Animals
pecheneg
Reality TV Shows (A-Z)
bhenderson79
Rickey Henderson's Hall of Fame Teammates
pecheneg
Champions League XIs: Arsenal
pecheneg
Quick Pick: Celebrities in WWE's Hall of Fame
aduchscher
A-Z Keypad Blitz II
pecheneg
Multiple Oscar Actors
pecheneg
Mystery Phrase Blitz: Oscar 'Best Actors'
pecheneg
F. Scott Fitzgerald Novels
LTH
Pick 3 Villains
ddd62291
Trending Topics
Crossword
Disney
Kpop
Marvel
Anime
Harry Potter
NBA
Country
Song
Soccer
Pokémon
WWE
NFL
The Office
Puzzle
Your Account Isn't Verified!
In order to create a playlist on Sporcle, you need to verify the email address you used during registration. Go to your
Sporcle Settings
to finish the process.
Report this User
Report this user for behavior that violates our
Community Guidelines
.
Details:
Send Report
Go to the Sporcle.com Mobile Site →
Comments